000 01177naa a22003377a 4500
001 BR9301991
003 BR-BrBNA
005 20240918181043.0
007 ta
008 230509b bl.||||| |||| 00| 0 por d
040 _aBR-BrBNA
_bpor
_cBiblioteca Nacional de Agricultura
041 _a(Pt)
072 _aH20; U10
090 _aH20 BR9301991
100 1 _aCorona Junior, N.
100 1 _aInamasu, R.Y.
100 1 _aColnago, L.A.
100 1 _aVolpe, C.A.
100 1 _aCruvinel, P.E.
111 1 _a22. Congresso Brasileiro de Engenharia Agricola
_cIlheus, BA (Brazil)
_d19-23 Jul 1993
245 1 _aHumectografo microcontrolado para previsao de doencas em plantas
260 3 _aIlheus, BA (Brasil):
_c1993.
500 _a22. Congresso Brasileiro de Engenharia Agricola. Anais Ilheus, BA (Brasil): 1993. v. 2 p. 773-783 (BR9301991-AM)H20
650 _aDoenca de Planta
650 _aControle Mecanico
650 _aComputador
650 _aUmidade Ambiente
773 0 _t22. Congresso Brasileiro de Engenharia Agricola. Anais
_wH20 BR9301991
_gIlheus, BA (Brasil), 1993. v. 2 p. 773-783
909 _a202404
_bLucia
_c55
_dLucia Elande
942 _cAM
_2AGRIS
999 _c323389
_d323389